• 首页
  • 本馆介绍
  • 公告通知
  • 最新文献
  • 馆藏检索
  • 电子资源
  • 读者导购
  • 参考咨询
  • 我的图书馆
  • 登录
  • 详细信息显示
  • 放入我的书架
  • 预约/预借图书
  • 作者相关作品
  • 分类相关作品
  • 丛书相关作品
  • 出版社相关作品

书目信息

  • 表格格式
  • 工作单格式
  • 卡片格式
题名:
电子计算机和数控技术在飞机制造中的应用
    
 
作者: 《电子计算机和数控技术在飞机制造中的应用》编写组编
分册:  
出版信息: 北京   国防工业出版社  1978
页数: 438页
开本: 26cm
丛书名:
单 册:
中图分类: V262-39
科图分类:
主题词: 计算机应用-飞机-制造 , 飞机-制造-计算机应用 , 数字控制-应用-飞机-制造 , 飞机-制造-数字控制-应用
电子资源:
ISBN:
000 00759nam0 2200241 45
001 0178006175
005 20060814105430.73
010    @dCNY2.85
091    @a15034.1739
100    @a19950727d1978 emky0chiy0121 ea
101 0  @achi
102    @aCN@b110000
105    @ay z 000yy
200 10 @a电子计算机和数控技术在飞机制造中的应用@Adian zi ji suan ji he shu kong ji shu zai fei ji zhi zao zhong de ying yong@f《电子计算机和数控技术在飞机制造中的应用》编写组编
210    @a北京@c国防工业出版社@d1978
215    @a438页@d26cm
606    @a计算机应用-飞机-制造
606    @a飞机-制造-计算机应用
606    @a数字控制-应用-飞机-制造
606    @a飞机-制造-数字控制-应用
690    @aV262-39@v3
801  0 @aCN@bTSSF@c20060814
905    @dV262-39@e23
    
    电子计算机和数控技术在飞机制造中的应用/《电子计算机和数控技术在飞机制造中的应用》编写组编.-北京:国防工业出版社,1978
    438页;26cm
    
    
    ISBN :CNY2.85
    
●
相关链接 在E读中查询图书 在五车中查询图书 在当当中查询图书 在豆瓣中查询图书


正题名:电子计算机和数控技术在飞机制造中的应用     索取号:V262-39/23         预约/预借

序号 登录号 条形码 馆藏地/架位号 状态 备注
1 0438049   204380491   密集书库/ [索取号:V262-39/23] 在馆    
2 0438050   204380507   密集书库/ [索取号:V262-39/23] 在馆    
3 0438051   204380516   密集书库/ [索取号:V262-39/23] 在馆    
4 0438052   204380525   密集书库/ [索取号:V262-39/23] 在馆    
5 0438053   204380534   密集书库/ [索取号:V262-39/23] 在馆    
6 0438054   204380543   密集书库/ [索取号:V262-39/23] 在馆    
7 0438149   204381490   密集书库/ [索取号:V262-39/23] 在馆    
8 0439225   204392255   密集书库/ [索取号:V262-39/23] 在馆    
9 0458137   204581372   密集书库/ [索取号:V262-39/23] 在馆    
唐山师范学院图书馆 欢迎您!
大连网信软件有限公司© 版权所有